En las orillas del Sar / (Registro nro. 8884)
[ vista simple ]
| 000 -LIDER | |
|---|---|
| fixed length control field | 00874nam a22002777a 4500 |
| 001 - NÚMERO DE CONTROL | |
| Identificador de número de control | 00260 |
| 003 - IDENTIFICACDOR DE NÚMERO DE CONTROL | |
| control field | DO-SdBNP |
| 005 - DATE AND TIME OF LATEST TRANSACTION | |
| control field | 20231017123819.0 |
| 008 - ELEMENTOS DE LONGITUD FIJA | |
| fixed length control field | 151124b1995 sp 00| 0 spa d |
| 020 ## - ISBN | |
| International Standard Book Number | 848912213X |
| 040 ## - FUENTE DE CATALOGACIÓN | |
| Agencia que crea de manera original el registro | BPMSU |
| Idioma de catalogación | spa |
| Agencia que realiza la transcripción | BPMSU |
| 082 #4 - NÚMERO DE CLASIFICACIÓN DECIMAL DE DEWEY | |
| Classification number | 861.5 |
| Item number | C355e 1995 |
| Edition number | 22 |
| 092 ## - LOCALLY ASSIGNED DEWEY DECIMAL CALL NUMBER | |
| Número de clasificación | xxxxx |
| Número de ítem (Cutter) | xxxxx |
| 100 1# - ASIENTO PRINCIPAL -- NOMBRE PERSONAL | |
| Nombre personal | Castro, Rosalía de, |
| Fechas asociadas con el nombre | 1837-1885. |
| 245 10 - MENCIÓN DE TITULO | |
| Título | En las orillas del Sar / |
| Mención de responsabilidad | Rosalía de Castro. |
| 260 ## - PUBLICACIÓN, DISTRIBUCIÓN, ETC. (PIE DE IMPRENTA) | |
| Lugar de publicación, distribución, etc | Barcelona : |
| Nombre del editor, distribuidor, etc. | Mainer Til, |
| Fecha de publicación, distribución, etc | 1995. |
| 300 ## - DESCRIPCIÓN FÍSICA | |
| Extensión | 189 p. ; |
| Otros detalles físicos | 22 cm. |
| 490 0# - MENCIÓN DE SERIES | |
| Mención de serie | Clásicos de la literatura universal |
| 500 ## - NOTA GENERAL | |
| Nota general | Incluye datos biográficos de la autora. |
| 590 ## - NOTA LOCAL | |
| Texto de la nota local | Inventariado, 2023/VM |
| 600 14 - ENCABEZAMIENTO DE MATERIA--NOMBRE PERSONAL | |
| Nombre personal | Castro, Rosalía de, |
| Fechas asociadas con el nombre | 1837-1885 |
| Subdivisión temática general | Crítica e interpretación. |
| 650 #4 - ENCABEZAMIENTO DE MATERIA--TEMÁTICO | |
| Término temático o nombre geográfico como elemento de entrada | Poesía española. |
| 651 #4 - ENCABEZAMIENTO DE MATERIA--NOMBRE GEOGRÁFICO | |
| Nombre geográfico | Galicia (España) |
| Subdivisión temática general | Poesía. |
| 910 ## - VALIDACIÓN | |
| Validación | VMateo V. Control de calidad. BPMSU |
| 942 ## - ADDED ENTRY ELEMENTS (KOHA) | |
| Source of classification or shelving scheme | Dewey Decimal Classification |
| Koha item type | Libros |
| Withdrawn status | Lost status | Source of classification or shelving scheme | Damaged status | Not for loan | Collection code | Home library | Current library | Date acquired | Source of acquisition | Total Checkouts | Full call number | Barcode | Date last seen | Copy number | Price effective from | Koha item type |
|---|---|---|---|---|---|---|---|---|---|---|---|---|---|---|---|---|
| Dewey Decimal Classification | Colección General | Biblioteca Pública Metropolitana Salomé Ureña | Biblioteca Pública Metropolitana Salomé Ureña | 11/24/2015 | Donación | BPMSU CD 861.5 C355e 1995 | BPMSU15110455 | 11/24/2015 | 11/24/2015 | Libros |